|
|
|
|
| LEADER |
00000nam0a2200000 4500 |
| 001 |
262543 |
| 005 |
20231031222050.0 |
| 010 |
|
|
|a 5282005417
|
| 035 |
|
|
|a (RuTPU)RU\TPU\book\285526
|
| 090 |
|
|
|a 262543
|
| 100 |
|
|
|a 20140602d1988 k y0rusy50 ca
|
| 101 |
0 |
|
|a rus
|
| 102 |
|
|
|a RU
|
| 105 |
|
|
|a y z 000zy
|
| 200 |
1 |
|
|a Учиться работать и хозяйствовать по-новому
|e беседы об управлении
|f Р. А. Белоусов, А. А. Модин
|
| 210 |
|
|
|a Москва
|c Экономика
|d 1988
|
| 215 |
|
|
|a 176 с.
|
| 606 |
1 |
|
|a Организация управления
|x Социально-психологические проблемы
|2 stltpush
|3 (RuTPU)RU\TPU\subj\47301
|
| 610 |
1 |
|
|a управление
|
| 610 |
1 |
|
|a экономический анализ
|
| 610 |
1 |
|
|a управленческие решения
|
| 610 |
1 |
|
|a организация производства
|
| 610 |
1 |
|
|a планирование
|
| 610 |
1 |
|
|a управленческие кадры
|
| 675 |
|
|
|a 658.012
|v 3
|
| 700 |
|
1 |
|a Белоусов
|b Р. А.
|g Рэм Александрович
|
| 701 |
|
1 |
|a Модин
|b А. А.
|g Анатолий Андреевуич
|
| 801 |
|
1 |
|a RU
|b 63413507
|c 20140602
|
| 801 |
|
2 |
|a RU
|b 63413507
|c 20150327
|g RCR
|
| 942 |
|
|
|c BK
|